000 00627nam a2200241Ia 4500
003 OSt
005 20221007071458.0
006 a|||||r|||| 00| 0
007 ta
008 221006b |||||||| |||| 00| 0 eng d
024 _a3,937
037 _cTextual
040 _aFLL
_cFLL
_beng
041 _2eng
_aeng
082 _aZ2,5, M0
100 _aSmith J.C.
245 0 _aCriminal law cases and materials
250 _a2nd
260 _aLondon
_bButterworths U.K.
_c1980
650 _aCriminal law cases and materials
_9685677
942 _hZ2,5, M0
_cTEXL
_2CC
999 _c1143462
_d1143462